Quiz on Numbers Squared: 1-15 - Statistics

General Stats
  • This quiz has been taken 3,813 times
  • The average score is 14 of 15
Answer Stats
Hint Answer % Correct
1 squared 1
100%
2 squared 4
99%
4 squared 16
98%
5 squared 25
98%
3 squared 9
98%
6 squared 36
97%
7 squared 49
97%
10 squared 100
96%
8 squared 64
96%
9 squared 81
96%
11 squared 121
95%
12 squared 144
94%
13 squared 169
89%
15 squared 225
87%
14 squared 196
86%
No matching quizzes found
Score Distribution
Percent of People with Each Score
Percentile by Number Answered
Your Score History
You have not taken this quiz